00301nam a2200109Ia 4500008004100000040001700041041001200058082001800070245004400088260004900132300001000181230917s9999||||xx |||||||||||||| ||und|| e184113aMAIN aEnglish a294.3823 D36D 0aVinayapitake; Kankhavitarani-Atthakatha aIgatpuribVipassana Research Institutec1998 av. p.